000 00572nam a2200145Ia 4500
008 220615s9999||||xx |||||||||||||| ||und||
020 _a9788860000000
022 _a2612-7679
100 _aSiedina, Giovanna::0000-0002-3336-552X::600
245 0 _aHumanism and the Renaissance in Recent Histories of Ukrainian Literature
546 _aEnglish[eng]
650 _aReception of Humanism-Renaissance||Early-modern Ukrainian literature||Neo-Latin literature||multilingualism||multiple identity
856 _uhttps://www.fupress.com/redir.ashx?RetUrl=15422.pdf
942 _cEB
999 _c12237
_d12237